<?xml version="1.0" encoding="UTF-8"?>
<record
    xmlns:xsi="http://www.w3.org/2001/XMLSchema-instance"
    xsi:schemaLocation="http://www.loc.gov/MARC21/slim http://www.loc.gov/standards/marcxml/schema/MARC21slim.xsd"
    xmlns="http://www.loc.gov/MARC21/slim">

  <leader>02277nam a2200361 i 4500</leader>
  <controlfield tag="003">DO-SdBNP</controlfield>
  <controlfield tag="005">20251204073702.0</controlfield>
  <controlfield tag="007">ta</controlfield>
  <controlfield tag="008">210909e2017       a|||| |||| 001 0dspa d</controlfield>
  <datafield tag="040" ind1=" " ind2=" ">
    <subfield code="a">DO-SdBNP</subfield>
    <subfield code="b">spa</subfield>
    <subfield code="c">BNPHU</subfield>
    <subfield code="e">rda</subfield>
  </datafield>
  <datafield tag="041" ind1=" " ind2=" ">
    <subfield code="a">spa</subfield>
  </datafield>
  <datafield tag="082" ind1=" " ind2="4">
    <subfield code="a">347.7293013</subfield>
    <subfield code="b">F897o</subfield>
    <subfield code="2">22</subfield>
  </datafield>
  <datafield tag="100" ind1="1" ind2=" ">
    <subfield code="a">Fr&#xED;as L&#xF3;pez, Jos&#xE9; Ram&#xF3;n,</subfield>
    <subfield code="e">autor</subfield>
    <subfield code="4">aut.</subfield>
    <subfield code="9">79820</subfield>
  </datafield>
  <datafield tag="245" ind1="1" ind2="0">
    <subfield code="a">Organizaci&#xF3;n judicial en la Rep&#xFA;blica Dominicana desde 1844 :</subfield>
    <subfield code="b">estructura, composici&#xF3;n y competencia /</subfield>
    <subfield code="c">Jos&#xE9; Ram&#xF3;n Fr&#xED;as L&#xF3;pez ; pr&#xF3;logo, &#xC9;dynson Alarc&#xF3;n </subfield>
  </datafield>
  <datafield tag="264" ind1=" " ind2="1">
    <subfield code="a">Santo Domingo :</subfield>
    <subfield code="b">Serigraf,</subfield>
    <subfield code="c">2017.</subfield>
  </datafield>
  <datafield tag="300" ind1=" " ind2=" ">
    <subfield code="a">521 p&#xE1;ginas :</subfield>
    <subfield code="b">ilustraciones, mapas ;</subfield>
    <subfield code="c">23 cm.</subfield>
  </datafield>
  <datafield tag="336" ind1=" " ind2=" ">
    <subfield code="a">texto</subfield>
    <subfield code="b">txt</subfield>
    <subfield code="2">rdacontent</subfield>
  </datafield>
  <datafield tag="337" ind1=" " ind2=" ">
    <subfield code="a">sin mediaci&#xF3;n</subfield>
    <subfield code="b">n</subfield>
    <subfield code="2">rdamedia</subfield>
  </datafield>
  <datafield tag="338" ind1=" " ind2=" ">
    <subfield code="a">volumen</subfield>
    <subfield code="b">nc</subfield>
    <subfield code="2">rdacarrier</subfield>
  </datafield>
  <datafield tag="500" ind1=" " ind2=" ">
    <subfield code="a">Incluye referencias bibliogr&#xE1;ficas y notas al pie de las paginas.</subfield>
  </datafield>
  <datafield tag="504" ind1=" " ind2=" ">
    <subfield code="a">Bibliograf&#xED;a :  p&#xE1;ginas 513-516</subfield>
  </datafield>
  <datafield tag="505" ind1="0" ind2=" ">
    <subfield code="a">Primera parte generalidades--</subfield>
    <subfield code="t">Cap&#xED;tulo I.  El Poder Judicial --</subfield>
    <subfield code="t">Cap&#xED;tulo II. Carrera Judicial --</subfield>
    <subfield code="t">Cap&#xED;tulo III.  Ley organizaci&#xF3;n judicial y su modificaciones --</subfield>
    <subfield code="t">Cap&#xED;tulo IV. Consejo Nacional de la Magistratura --</subfield>
    <subfield code="t">Cap&#xED;tulo V. Control constitucional -- </subfield>
  </datafield>
  <datafield tag="505" ind1=" " ind2=" ">
    <subfield code="a">Segunda parte. Organizaci&#xF3;n judicial y sus modificaciones --</subfield>
    <subfield code="t">Cap&#xED;tulo VI. La Suprema Corte de Justicia --</subfield>
    <subfield code="t">Cap&#xED;tulo VII. El Consejo del Poder Judicial --</subfield>
    <subfield code="t">Cap&#xED;tulo VIII. Las Cortes de Apelaci&#xF3;n -- </subfield>
    <subfield code="t">Cap&#xED;tulo IX. Los Juzgado de Primera Instancia --.</subfield>
    <subfield code="t">Cap&#xED;tulo X. Los Juzgados de Paz --</subfield>
    <subfield code="t">Cap&#xED;tulo XI. Las Jurisdicciones Especializadas --</subfield>
    <subfield code="t">Cap&#xED;tulo XII.  El Tribunal Superior Electoral --</subfield>
  </datafield>
  <datafield tag="505" ind1=" " ind2=" ">
    <subfield code="a">Tercera parte. Otros &#xF3;rganos relacionados al Poder Judicial </subfield>
    <subfield code="t">Cap&#xED;tulo XIII. El Ministerio P&#xFA;blico --</subfield>
    <subfield code="t">Cap&#xED;tulo XIV. La Oficina Nacional de la Defensa P&#xFA;blica --</subfield>
    <subfield code="t">Cap&#xED;tulo XV. El Defensor del Pueblo --</subfield>
    <subfield code="t">Anexo.</subfield>
  </datafield>
  <datafield tag="590" ind1=" " ind2=" ">
    <subfield code="a">Inventariado, 2021 /SA</subfield>
  </datafield>
  <datafield tag="590" ind1=" " ind2=" ">
    <subfield code="a">La biblioteca posee 1 ejemplar autografiado por el autor </subfield>
  </datafield>
  <datafield tag="650" ind1=" " ind2="4">
    <subfield code="a">Poder judicial </subfield>
    <subfield code="z">Rep&#xFA;blica Dominicana</subfield>
    <subfield code="9">79821</subfield>
  </datafield>
  <datafield tag="650" ind1=" " ind2="4">
    <subfield code="a">Tribunales </subfield>
    <subfield code="z">Rep&#xFA;blica Dominicana</subfield>
    <subfield code="y">1844</subfield>
    <subfield code="9">79822</subfield>
  </datafield>
  <datafield tag="650" ind1=" " ind2="0">
    <subfield code="a">Administraci&#xF3;n de  justicia </subfield>
    <subfield code="z">Rep&#xFA;blica Dominicana.</subfield>
    <subfield code="y">1844</subfield>
    <subfield code="9">10083</subfield>
  </datafield>
  <datafield tag="700" ind1=" " ind2=" ">
    <subfield code="a">Alarc&#xF3;n, Edynson,</subfield>
    <subfield code="e">prologuista</subfield>
    <subfield code="4">pr.</subfield>
    <subfield code="9">79836</subfield>
  </datafield>
  <datafield tag="910" ind1=" " ind2=" ">
    <subfield code="a">saquino/Validado. Control de calidad MFF</subfield>
  </datafield>
  <datafield tag="942" ind1=" " ind2=" ">
    <subfield code="2">ddc</subfield>
    <subfield code="c">LBS1</subfield>
  </datafield>
  <datafield tag="952" ind1=" " ind2=" ">
    <subfield code="0">0</subfield>
    <subfield code="1">0</subfield>
    <subfield code="2">ddc</subfield>
    <subfield code="5">1</subfield>
    <subfield code="7">0</subfield>
    <subfield code="8">PD</subfield>
    <subfield code="a">BNPHU</subfield>
    <subfield code="b">BNPHU</subfield>
    <subfield code="c">HD</subfield>
    <subfield code="d">2019-02-20</subfield>
    <subfield code="e">Deposito Legal</subfield>
    <subfield code="o">BNPHU PD 347.7293013 F897o</subfield>
    <subfield code="p">2021-26305</subfield>
    <subfield code="r">2021-09-09</subfield>
    <subfield code="w">2021-09-09</subfield>
    <subfield code="y">LBS1</subfield>
  </datafield>
  <datafield tag="952" ind1=" " ind2=" ">
    <subfield code="0">0</subfield>
    <subfield code="1">0</subfield>
    <subfield code="2">ddc</subfield>
    <subfield code="5">1</subfield>
    <subfield code="7">0</subfield>
    <subfield code="8">PD</subfield>
    <subfield code="a">BNPHU</subfield>
    <subfield code="b">BNPHU</subfield>
    <subfield code="c">HD</subfield>
    <subfield code="d">2019-02-20</subfield>
    <subfield code="e">Deposito Legal</subfield>
    <subfield code="o">BNPHU PD 347.7293013  F897o</subfield>
    <subfield code="p">2021-26306</subfield>
    <subfield code="r">2021-09-09</subfield>
    <subfield code="t">e.2</subfield>
    <subfield code="w">2021-09-09</subfield>
    <subfield code="y">LBS1</subfield>
  </datafield>
  <datafield tag="952" ind1=" " ind2=" ">
    <subfield code="0">0</subfield>
    <subfield code="1">0</subfield>
    <subfield code="2">ddc</subfield>
    <subfield code="5">6</subfield>
    <subfield code="7">0</subfield>
    <subfield code="8">MO</subfield>
    <subfield code="a">BNPHU</subfield>
    <subfield code="b">BNPHU</subfield>
    <subfield code="c">HD</subfield>
    <subfield code="d">2019-02-20</subfield>
    <subfield code="e">Deposito Legal</subfield>
    <subfield code="o">BNPHU DS 347.7293013 F897o</subfield>
    <subfield code="p">2021-26325</subfield>
    <subfield code="r">2021-09-10</subfield>
    <subfield code="t">e.3</subfield>
    <subfield code="w">2021-09-10</subfield>
    <subfield code="y">LBS1</subfield>
  </datafield>
  <datafield tag="999" ind1=" " ind2=" ">
    <subfield code="c">50467</subfield>
    <subfield code="d">50467</subfield>
  </datafield>
</record>
